LEADER 00918nac# 22002171i 450 001 UON00174987 005 20231205103109.330 100 $a20030730d1950 |0itac50 ba 102 $aES 105 $a|||| ||||| 110 $ab|||||||||| 200 1 $aCivitas 210 $aMadrid$cInstituto de Estudios Politicos. 463 1$1001UON00286109$12001 $aEspaña y Europa$e(obra postuma)$fCarlos Vossler$1210 $aMadrid$cInstituo de Estudios Políticos$d1951$1215 $a201 p.$d19 cm. 463 1$1001UON00215047$12001 $aˆEl‰Imperio Hispánico y los cinco reinos$edos épocas en la estructura política de España$fRamón Menendez Pidal$1210 $aMadrid$cInstituto de Estudios Políticos$d1950$1215 $a227 p.$d20 cm 620 $aES$dMadrid$3UONL000218 712 $aInstituto de Estudios Políticos$3UONV246486$4650 801 $aIT$bSOL$c20240220$gRICA 912 $aUON00174987 996 $aCivitas$9796929 997 $aUNIOR